[Event "Scarborough CC-ch Reserves U1700"]
[Site "Toronto CAN"]
[Date "2011.03.03"]
[Round "2"]
[White "Aghamalian, Derick"]
[Black "Vyravanathan, Sobiga"]
[Result "1-0"]
[WhiteElo "1484"]
[BlackElo "1309"]
[PlyCount "71"]
[GameId "2160767909804191"]
[EventDate "2011.02.24"]
[EventType "swiss"]
[EventRounds "9"]
[EventCountry "CAN"]
[SourceTitle "EXT 2022"]
[Source "ChessBase"]
[SourceDate "2021.10.06"]
[SourceVersion "1"]
[SourceVersionDate "2021.10.06"]
[SourceQuality "1"]

1. e4 c5 2. Nf3 Nc6 3. d4 cxd4 4. Nxd4 Nf6 5. Nc3 d6 6. Be3 e6 7. Be2 Be7 8. O-O O-O 9. Kh1 a6 10. f4 Bd7 11. Bf3 Rc8 12. Qe1 Re8 13. Qg3 Qb6 14. Nf5 exf5 15. Bxb6 fxe4 16. Nxe4 Nb4 17. Nxf6+ Bxf6 18. c3 Nc6 19. Bg4 Bxg4 20. Qxg4 Ne7 21. Rad1 Rc6 22. Qd7 Rf8 23. Rxd6 Rxd6 24. Qxd6 Nf5 25. Qd7 Nh6 26. g4 Nxg4 27. Qxg4 h6 28. Bd4 Bxd4 29. cxd4 Rd8 30. Rg1 g6 31. f5 g5 32. Qh5 Rd6 33. h4 Rxd4 34. Qxh6 g4 35. f6 b5 36. Qg7# 1-0

[Event "Scarborough CC-ch Reserves U1700"]
[Site "Toronto CAN"]
[Date "2011.03.03"]
[Round "2"]
[White "Guo, Tan"]
[Black "Souchko, Larissa"]
[Result "1-0"]
[WhiteElo "1463"]
[BlackElo "1123"]
[PlyCount "89"]
[GameId "2160767909804192"]
[EventDate "2011.02.24"]
[EventType "swiss"]
[EventRounds "9"]
[EventCountry "CAN"]
[SourceTitle "EXT 2022"]
[Source "ChessBase"]
[SourceDate "2021.10.06"]
[SourceVersion "1"]
[SourceVersionDate "2021.10.06"]
[SourceQuality "1"]

1. e4 c5 2. Nf3 d6 3. d4 cxd4 4. Nxd4 Nf6 5. Nc3 a6 6. Bg5 e6 7. f4 Be7 8. Qf3 Qb6 9. O-O-O Nc6 10. Nb3 Bd7 11. g4 Na5 12. e5 Nxb3+ 13. axb3 Bc6 14. Qe2 dxe5 15. Rg1 exf4 16. Bxf4 Bb5 17. Nxb5 axb5 18. Qxb5+ Qxb5 19. Bxb5+ Kf8 20. c4 Ra1+ 21. Kc2 Rxd1 22. Rxd1 Nxg4 23. Rd7 b6 24. Bd6 Bxd6 25. Rd8+ Ke7 26. Rxh8 h6 27. Re8+ Kf6 28. h3 Ne3+ 29. Kd3 Ng2 30. Rd8 Bc5 31. Kc3 e5 32. b4 Bd4+ 33. Kd3 Nf4+ 34. Ke4 Nxh3 35. Rd6+ Kg5 36. Bd7 Nf2+ 37. Kd5 Nd3 38. b5 Nxb2 39. Rc6 h5 40. c5 bxc5 41. b6 Na4 42. b7 Nc3+ 43. Kc4 e4 44. b8=Q e3 45. Qg3# 1-0

[Event "Scarborough CC-ch Reserves U1700"]
[Site "Toronto CAN"]
[Date "2011.03.03"]
[Round "2"]
[White "Lin, Benjamin1"]
[Black "Kaneshalingam, Mathanhe"]
[Result "1-0"]
[WhiteElo "1129"]
[BlackElo "862"]
[PlyCount "83"]
[GameId "2160767909804193"]
[EventDate "2011.02.24"]
[EventType "swiss"]
[EventRounds "9"]
[EventCountry "CAN"]
[SourceTitle "EXT 2022"]
[Source "ChessBase"]
[SourceDate "2021.10.06"]
[SourceVersion "1"]
[SourceVersionDate "2021.10.06"]
[SourceQuality "1"]

1. c4 e5 2. Nc3 Nf6 3. d3 Nc6 4. e4 Bb4 5. Bd2 d6 6. Be2 Be6 7. Nf3 O-O 8. Nd5 Bxd2+ 9. Qxd2 Bxd5 10. cxd5 Ne7 11. O-O h6 12. d4 exd4 13. Qxd4 Ng6 14. Qb4 b6 15. Bb5 Rb8 16. Rfe1 Nh5 17. Bc6 Ngf4 18. Qc3 Qc8 19. h3 Nxh3+ 20. gxh3 Qxh3 21. Nh2 Nf4 22. Qxh3 Nxh3+ 23. Kf1 f5 24. Bd7 g6 25. exf5 gxf5 26. Be6+ Kg7 27. Nf3 Nf4 28. Nd4 Kg6 29. Nc6 Rbe8 30. Nd4 Rb8 31. Rac1 Rb7 32. Nb5 Nd3 33. Rxc7 Rxc7 34. Nxc7 Nxe1 35. Kxe1 h5 36. Nb5 a6 37. Nxd6 Kg5 38. Nf7+ Kf4 39. d6 h4 40. Kf1 b5 41. d7 Kg4 42. d8=Q 1-0

[Event "Scarborough CC-ch Reserves U1700"]
[Site "Toronto CAN"]
[Date "2011.03.03"]
[Round "2"]
[White "Liu, Peter"]
[Black "Liao, Jacky"]
[Result "0-1"]
[WhiteElo "1324"]
[BlackElo "997"]
[PlyCount "114"]
[GameId "2160767909804194"]
[EventDate "2011.02.24"]
[EventType "swiss"]
[EventRounds "9"]
[EventCountry "CAN"]
[SourceTitle "EXT 2022"]
[Source "ChessBase"]
[SourceDate "2021.10.06"]
[SourceVersion "1"]
[SourceVersionDate "2021.10.06"]
[SourceQuality "1"]

1. e4 c5 2. Nf3 d6 3. d4 cxd4 4. Nxd4 Nf6 5. Nc3 Nc6 6. Be3 e5 7. Nf3 Ng4 8. Qd2 Nxe3 9. Qxe3 Be6 10. Bb5 a6 11. Bxc6+ bxc6 12. Qd3 Be7 13. O-O-O O-O 14. h4 Qa5 15. a3 Rfb8 16. Nd2 Qb6 17. b4 a5 18. Nc4 Bxc4 19. Qxc4 axb4 20. Qxb4 Qxf2 21. Rd2 Qxd2+ 22. Kxd2 Rxb4 23. axb4 Rb8 24. Na2 d5 25. exd5 cxd5 26. c3 Ra8 27. Nc1 Ra1 28. Re1 e4 29. g3 Bd6 30. Re3 f5 31. Nb3 Ra2+ 32. Ke1 Rg2 33. Nd4 Bxg3+ 34. Kf1 Rf2+ 35. Kg1 Bxh4 36. b5 Rd2 37. Rh3 Bf2+ 38. Kf1 Bxd4 39. cxd4 Rb2 40. Rc3 Rxb5 41. Rc5 Rxc5 42. dxc5 Kf7 43. Ke2 d4 44. Kd2 Ke6 45. Ke2 Kd5 46. c6 Kxc6 47. Kf2 f4 48. Ke2 Kd5 49. Kd2 f3 50. Kd1 e3 51. Ke1 d3 52. Kf1 d2 53. Kg1 d1=Q+ 54. Kh2 Qe2+ 55. Kh3 Qg2+ 56. Kh4 h6 57. Kh5 Qg5# 0-1

[Event "Scarborough CC-ch Reserves U1700"]
[Site "Toronto CAN"]
[Date "2011.03.03"]
[Round "2"]
[White "Maurer, Hans"]
[Black "Song, Eric"]
[Result "0-1"]
[WhiteElo "1216"]
[BlackElo "1476"]
[PlyCount "56"]
[GameId "2160767909804195"]
[EventDate "2011.02.24"]
[EventType "swiss"]
[EventRounds "9"]
[EventCountry "CAN"]
[SourceTitle "EXT 2022"]
[Source "ChessBase"]
[SourceDate "2021.10.06"]
[SourceVersion "1"]
[SourceVersionDate "2021.10.06"]
[SourceQuality "1"]

1. e4 e5 2. Nf3 Nc6 3. c4 Nf6 4. Nc3 Bc5 5. d3 h6 6. a3 d6 7. h3 O-O 8. Nd5 Nxd5 9. cxd5 Nd4 10. Be3 Qf6 11. Be2 Qg6 12. g4 Nxf3+ 13. Bxf3 Bxe3 14. fxe3 c6 15. dxc6 bxc6 16. Rc1 Bb7 17. O-O Rac8 18. Qb3 Ba8 19. Qb4 Rfe8 20. h4 d5 21. h5 Qg5 22. exd5 Qxe3+ 23. Kg2 cxd5 24. Qe1 Qxd3 25. Rxc8 Rxc8 26. Qxe5 Qb5 27. Kg3 Qxf1 28. Bxd5 Qd3+ 0-1

[Event "Scarborough CC-ch Reserves U1700"]
[Site "Toronto CAN"]
[Date "2011.03.03"]
[Round "2"]
[White "Palakkal, Anirudh"]
[Black "Stroempl, Hedi"]
[Result "0-1"]
[WhiteElo "882"]
[BlackElo "1056"]
[PlyCount "74"]
[GameId "2160767909804197"]
[EventDate "2011.02.24"]
[EventType "swiss"]
[EventRounds "9"]
[EventCountry "CAN"]
[SourceTitle "EXT 2022"]
[Source "ChessBase"]
[SourceDate "2021.10.06"]
[SourceVersion "1"]
[SourceVersionDate "2021.10.06"]
[SourceQuality "1"]

1. d4 d5 2. e3 Nc6 3. Nf3 f5 4. c3 e6 5. Nbd2 Nf6 6. Bd3 Bd7 7. O-O Bd6 8. g3 Qe7 9. Qb3 b6 10. Bb5 O-O 11. Bxc6 Bxc6 12. Re1 a5 13. Qd1 Bb7 14. b3 c5 15. Rb1 Rac8 16. Qc2 Rc6 17. Rb2 Bc8 18. Rb1 Ba6 19. Bb2 Rc7 20. dxc5 Bxc5 21. b4 axb4 22. cxb4 Bxb4 23. Qb3 Ba5 24. Rec1 Bc4 25. Nxc4 dxc4 26. Qa4 Rd8 27. Ba3 Qe8 28. Qxe8+ Nxe8 29. Bb4 Bxb4 30. Rxb4 Rb8 31. Rb5 Nd6 32. Re5 Kf7 33. Nd4 Rd7 34. Rb1 Kf6 35. f4 h6 36. h3 Nf7 37. Nxe6 Nxe5 0-1

[Event "Scarborough CC-ch Reserves U1700"]
[Site "Toronto CAN"]
[Date "2011.03.03"]
[Round "2"]
[White "Pishdad, Hassan"]
[Black "Roy, Harrison"]
[Result "1-0"]
[WhiteElo "1250"]
[BlackElo "939"]
[PlyCount "71"]
[GameId "2160767909804198"]
[EventDate "2011.02.24"]
[EventType "swiss"]
[EventRounds "9"]
[EventCountry "CAN"]
[SourceTitle "EXT 2022"]
[Source "ChessBase"]
[SourceDate "2021.10.06"]
[SourceVersion "1"]
[SourceVersionDate "2021.10.06"]
[SourceQuality "1"]

1. d4 Nf6 2. c4 e6 3. e3 d5 4. Nc3 Bb4 5. Bd3 O-O 6. Nge2 Nc6 7. a3 Bxc3+ 8. Nxc3 e5 9. cxd5 Nxd5 10. Be4 Nxc3 11. bxc3 exd4 12. Bxc6 bxc6 13. cxd4 Rb8 14. O-O Qg5 15. Qf3 Rb6 16. Bd2 Bg4 17. Qg3 c5 18. h3 Rb2 19. Rfd1 cxd4 20. Qxg4 Qxg4 21. hxg4 dxe3 22. Bxe3 h6 23. Bxa7 Rc8 24. Bd4 Rb3 25. Rdb1 Rd3 26. Be5 c5 27. Rb8 Rxb8 28. Bxb8 c4 29. Rc1 c3 30. Rc2 Rd1+ 31. Kh2 Rd8 32. Be5 Rd2 33. Rxc3 Rxf2 34. Rc4 f6 35. Bd6 Ra2 36. a4 1-0

[Event "Scarborough CC-ch Reserves U1700"]
[Site "Toronto CAN"]
[Date "2011.03.03"]
[Round "2"]
[White "Roy, Lawrence"]
[Black "Liang, Phillip"]
[Result "1/2-1/2"]
[WhiteElo "1017"]
[BlackElo "1271"]
[PlyCount "112"]
[GameId "2160767909804199"]
[EventDate "2011.02.24"]
[EventType "swiss"]
[EventRounds "9"]
[EventCountry "CAN"]
[SourceTitle "EXT 2022"]
[Source "ChessBase"]
[SourceDate "2021.10.06"]
[SourceVersion "1"]
[SourceVersionDate "2021.10.06"]
[SourceQuality "1"]

1. e4 c6 2. d4 d5 3. exd5 cxd5 4. Nf3 Nf6 5. Nc3 Bf5 6. Be2 e6 7. O-O a6 8. h3 Bd6 9. Re1 Nc6 10. Bg5 h6 11. Bxf6 Qxf6 12. a3 O-O 13. Rb1 Rac8 14. Bd3 Na5 15. Bxf5 Qxf5 16. Qd2 Nc4 17. Qd1 Nxa3 18. bxa3 Rxc3 19. Rxb7 Qxc2 20. Qxc2 Rxc2 21. Ra7 Bxa3 22. Rxa6 Be7 23. Rd1 Rfc8 24. Raa1 Bf6 25. g3 Re2 26. Re1 Rxe1+ 27. Rxe1 Rc4 28. Rd1 Kh7 29. g4 g5 30. Kg2 Kg6 31. Kg3 Rc3 32. Kg2 h5 33. Re1 hxg4 34. hxg4 Rd3 35. Ne5+ Bxe5 36. dxe5 f5 37. exf6 Kxf6 38. f3 Ke7 39. Rf1 Rd4 40. Kg3 e5 41. Re1 Kd6 42. Rh1 Rf4 43. Rh5 Kc5 44. Rxg5 Kd4 45. Rh5 Rf7 46. g5 Rg7 47. f4 Ke4 48. fxe5 Kxe5 49. Kg4 Ke4 50. Rh1 d4 51. Rd1 d3 52. Kh5 Ke3 53. Kh6 Ra7 54. g6 d2 55. g7 Rxg7 56. Kxg7 Ke2 1/2-1/2

[Event "Scarborough CC-ch Reserves U1700"]
[Site "Toronto CAN"]
[Date "2011.03.03"]
[Round "2"]
[White "Smith, Maurice"]
[Black "Graham, John"]
[Result "1-0"]
[WhiteElo "1533"]
[BlackElo "1429"]
[PlyCount "115"]
[GameId "2160767909804200"]
[EventDate "2011.02.24"]
[EventType "swiss"]
[EventRounds "9"]
[EventCountry "CAN"]
[SourceTitle "EXT 2022"]
[Source "ChessBase"]
[SourceDate "2021.10.06"]
[SourceVersion "1"]
[SourceVersionDate "2021.10.06"]
[SourceQuality "1"]

1. d4 g6 2. e4 d5 3. exd5 Qxd5 4. Nc3 Qd8 5. Nf3 Bg7 6. Be3 Nf6 7. Bc4 O-O 8. h3 Nc6 9. O-O b6 10. Qd2 e6 11. Rad1 Bb7 12. Bg5 Nb8 13. Be2 Qc8 14. Bh6 Rd8 15. Bxg7 Kxg7 16. Ne5 c5 17. Qf4 Qc7 18. Qe3 Nc6 19. Nxc6 Qxc6 20. Bf3 Qc7 21. Bxb7 cxd4 22. Rxd4 Qxb7 23. Rfd1 Rd7 24. Rxd7 Nxd7 25. Qd4+ Nf6 26. f3 Qe7 27. Ne4 e5 28. Qd3 Rc8 29. c3 Rc7 30. Nxf6 Kxf6 31. Kf1 Qc5 32. Qe4 Ke6 33. Qa4 b5 34. Qe4 f5 35. Qd3 Qc4 36. Qxc4+ bxc4 37. Ke2 Rb7 38. Rd2 Rb5 39. Ke3 Rd5 40. b3 Rxd2 41. Kxd2 cxb3 42. axb3 a5 43. Kd3 Kd5 44. g3 Kc5 45. Ke3 h6 46. Kd3 h5 47. Ke3 Kd5 48. Kd3 g5 49. Ke3 e4 50. c4+ Ke5 51. fxe4 f4+ 52. gxf4+ gxf4+ 53. Kf3 Kd4 54. Kxf4 Kc3 55. c5 Kxb3 56. c6 a4 57. c7 a3 58. c8=Q 1-0

[Event "Scarborough CC-ch Reserves U1700"]
[Site "Toronto CAN"]
[Date "2011.03.03"]
[Round "2"]
[White "Super, Russell"]
[Black "Zhao, Harry"]
[Result "1-0"]
[WhiteElo "1446"]
[BlackElo "1469"]
[PlyCount "119"]
[GameId "2160767909804201"]
[EventDate "2011.02.24"]
[EventType "swiss"]
[EventRounds "9"]
[EventCountry "CAN"]
[SourceTitle "EXT 2022"]
[Source "ChessBase"]
[SourceDate "2021.10.06"]
[SourceVersion "1"]
[SourceVersionDate "2021.10.06"]
[SourceQuality "1"]

1. e4 e6 2. d4 d5 3. e5 c5 4. Nf3 cxd4 5. Nxd4 Bc5 6. Be2 f6 7. exf6 Nxf6 8. O-O Bd7 9. Nc3 Nc6 10. Nf3 Qc7 11. a3 O-O-O 12. Na4 Bd6 13. h3 Ne5 14. Nc3 a6 15. Kh1 h6 16. Be3 Nxf3 17. Bxf3 Bc5 18. Bxc5 Qxc5 19. Qe2 Bc6 20. Qxe6+ Bd7 21. Qe5 Rhe8 22. Qf4 Be6 23. Rad1 Rd6 24. Qd4 Qxd4 25. Rxd4 Kb8 26. Rfd1 Rf8 27. Ne2 Rc8 28. c4 Rcd8 29. Nf4 g5 30. Nxe6 Rxe6 31. cxd5 Red6 32. Kh2 Kc7 33. Kg3 a5 34. h4 Kb6 35. hxg5 hxg5 36. Rc1 Nxd5 37. Bxd5 Rxd5 38. Rxd5 Rxd5 39. Rc2 Rd4 40. Kf3 a4 41. Ke3 Rf4 42. g3 Rg4 43. Rd2 Kc5 44. Kf3 Rc4 45. Ke3 b5 46. f4 gxf4+ 47. gxf4 Rc1 48. Ke4 Rf1 49. Ke5 Re1+ 50. Kf6 Rf1 51. f5 b4 52. axb4+ Kxb4 53. Ke6 Kc5 54. f6 Re1+ 55. Kf7 Rf1 56. Ke7 Re1+ 57. Kf8 Rf1 58. f7 Kc6 59. Re2 Kd5 60. Ke8 1-0

[Event "Scarborough CC-ch Reserves U1700"]
[Site "Toronto CAN"]
[Date "2011.03.03"]
[Round "2"]
[White "Termeer, Ted"]
[Black "Aghamalian, Leonid"]
[Result "1-0"]
[WhiteElo "1425"]
[BlackElo "1520"]
[PlyCount "55"]
[GameId "2160767909804202"]
[EventDate "2011.02.24"]
[EventType "swiss"]
[EventRounds "9"]
[EventCountry "CAN"]
[SourceTitle "EXT 2022"]
[Source "ChessBase"]
[SourceDate "2021.10.06"]
[SourceVersion "1"]
[SourceVersionDate "2021.10.06"]
[SourceQuality "1"]

1. Nf3 d5 2. d4 Bf5 3. Bf4 Nc6 4. a3 Nf6 5. h3 e6 6. Nc3 a6 7. e3 Bd6 8. Bg5 h6 9. Bxf6 Qxf6 10. Bd3 O-O-O 11. Qe2 Bxd3 12. cxd3 Rde8 13. b4 Na7 14. Qb2 Qg6 15. Ke2 Rhg8 16. b5 a5 17. b6 Nc6 18. bxc7 Bxc7 19. Rab1 Nd8 20. Nb5 Re7 21. Rhc1 Kb8 22. Nxc7 Rxc7 23. Rxc7 Kxc7 24. Qb6+ Kb8 25. Ne5 Qg5 26. Nc6+ Kc8 27. Nxd8 Qe7 28. Rc1+ 1-0

[Event "Scarborough CC-ch Reserves U1700"]
[Site "Toronto CAN"]
[Date "2011.03.03"]
[Round "2"]
[White "Thanabalachandran, Kajan"]
[Black "Dattani, Dinesh"]
[Result "1-0"]
[WhiteElo "1509"]
[BlackElo "1420"]
[PlyCount "81"]
[GameId "2160767909804203"]
[EventDate "2011.02.24"]
[EventType "swiss"]
[EventRounds "9"]
[EventCountry "CAN"]
[SourceTitle "EXT 2022"]
[Source "ChessBase"]
[SourceDate "2021.10.06"]
[SourceVersion "1"]
[SourceVersionDate "2021.10.06"]
[SourceQuality "1"]

1. e4 e5 2. Nf3 Nc6 3. Bb5 a6 4. Ba4 Nf6 5. O-O b5 6. Bb3 Be7 7. Re1 O-O 8. c3 Na5 9. Bc2 d6 10. d4 Bg4 11. h3 Bh5 12. Nbd2 exd4 13. cxd4 Nc6 14. Nb3 Nb4 15. Bb1 Nc6 16. Qd3 Bg6 17. Qc3 Qd7 18. d5 Ne5 19. Nxe5 dxe5 20. Qxe5 Bd6 21. Qd4 Rfe8 22. f4 Nh5 23. e5 f6 24. Bxg6 hxg6 25. Bd2 Bf8 26. Qd3 Qf5 27. Qxf5 gxf5 28. g4 fxg4 29. hxg4 Ng3 30. Kg2 fxe5 31. fxe5 Rad8 32. Kxg3 Rxd5 33. Bf4 g5 34. Bxg5 Rexe5 35. Rxe5 Rxe5 36. Bf4 Re7 37. Kf3 Bg7 38. Rc1 Rf7 39. Rxc7 Rxc7 40. Bxc7 Bxb2 41. Nc5 1-0

[Event "Scarborough CC-ch Reserves U1700"]
[Site "Toronto CAN"]
[Date "2011.03.03"]
[Round "2"]
[White "Thanabalachandran, Luxiga"]
[Black "Azizi, Hamid"]
[Result "1/2-1/2"]
[WhiteElo "1457"]
[BlackElo "790"]
[PlyCount "116"]
[GameId "2160767909804204"]
[EventDate "2011.02.24"]
[EventType "swiss"]
[EventRounds "9"]
[EventCountry "CAN"]
[SourceTitle "EXT 2022"]
[Source "ChessBase"]
[SourceDate "2021.10.06"]
[SourceVersion "1"]
[SourceVersionDate "2021.10.06"]
[SourceQuality "1"]

1. e4 c5 2. Nf3 d6 3. d4 cxd4 4. Nxd4 e5 5. Nf3 Nf6 6. Nc3 a6 7. Bc4 Bg4 8. h3 Bh5 9. O-O Be7 10. Bg5 Nbd7 11. Bxf6 Nxf6 12. Qd3 Qb6 13. b3 O-O 14. Nd5 Nxd5 15. Bxd5 Rac8 16. Nd2 Qc7 17. Qc4 b5 18. Qxc7 Rxc7 19. c4 Bg5 20. Nf3 Bxf3 21. gxf3 Bd2 22. cxb5 axb5 23. a4 Bc3 24. Rfc1 b4 25. a5 Rfc8 26. Ra4 g6 27. a6 Bd4 28. Rxc7 Rxc7 29. Rxb4 Rc1+ 30. Kg2 Rc2 31. Rb7 Rxf2+ 32. Kg3 Ra2 33. Bc4 Kg7 34. Rxf7+ Kh6 35. f4 exf4+ 36. Kxf4 Rf2+ 37. Kg3 Rxf7 38. Bxf7 Kg5 39. Bc4 Kf6 40. b4 h5 41. h4 g5 42. hxg5+ Kxg5 43. Kh3 Bf2 44. Kg2 Bd4 45. Kh3 Bf2 46. Bf1 Kf4 47. Kg2 Bd4 48. Bd3 Kg4 49. Bc2 Kf4 50. Bd3 Kg4 51. Kh2 Be5+ 52. Kg2 Bd4 53. Be2+ Kf4 54. Kh3 Kg5 55. Kh2 Kf4 56. Kh3 Kg5 57. Bf3 Be3 58. Kg2 Kf4 1/2-1/2

[Event "Scarborough CC-ch Reserves U1700"]
[Site "Toronto CAN"]
[Date "2011.03.03"]
[Round "2"]
[White "Yie, Kevin Yi Xiao"]
[Black "Kurkowski, Ken"]
[Result "1/2-1/2"]
[WhiteElo "1357"]
[BlackElo "1506"]
[PlyCount "104"]
[GameId "2160767909804205"]
[EventDate "2011.02.24"]
[EventType "swiss"]
[EventRounds "9"]
[EventCountry "CAN"]
[SourceTitle "EXT 2022"]
[Source "ChessBase"]
[SourceDate "2021.10.06"]
[SourceVersion "1"]
[SourceVersionDate "2021.10.06"]
[SourceQuality "1"]

1. d4 Nf6 2. c4 c5 3. d5 e5 4. Nc3 d6 5. e4 Be7 6. Bd3 Nbd7 7. Nge2 O-O 8. O-O Ne8 9. a4 g6 10. Be3 Ng7 11. Ng3 f5 12. exf5 gxf5 13. Bh6 e4 14. Be2 Ne5 15. Nh5 Bf6 16. Nxg7 Bxg7 17. Bxg7 Kxg7 18. f3 exf3 19. gxf3 Kh8 20. Kh1 a6 21. Rg1 Qh4 22. Qe1 Qxe1 23. Raxe1 Bd7 24. f4 Ng6 25. Ref1 Rae8 26. Bh5 Rg8 27. Bxg6 Rxg6 28. Rg3 Kg7 29. Kg2 Kf6 30. Kf3 Rg4 31. Rh3 Kg6 32. Rg3 Rxg3+ 33. hxg3 h5 34. Rh1 Re7 35. Rh4 Be8 36. Rh2 Kf6 37. Re2 Rxe2 38. Kxe2 b6 39. Kf2 Bd7 40. Kg2 Be8 41. Kh3 Bd7 42. Kh4 Be8 43. Kh3 Bd7 44. Kh4 Be8 45. Kh3 Bd7 46. Kh2 Be8 47. b3 Bd7 48. Kh3 Be8 49. Kh4 Bf7 50. Na2 Be8 51. Nc1 b5 52. axb5 axb5 1/2-1/2

[Event "Scarborough CC-ch Reserves U1700"]
[Site "Toronto CAN"]
[Date "2011.03.10"]
[Round "3"]
[White "Dattani, Dinesh"]
[Black "Stroempl, Hedi"]
[Result "1-0"]
[WhiteElo "1420"]
[BlackElo "1056"]
[PlyCount "67"]
[GameId "2160767909804207"]
[EventDate "2011.02.24"]
[EventType "swiss"]
[EventRounds "9"]
[EventCountry "CAN"]
[SourceTitle "EXT 2022"]
[Source "ChessBase"]
[SourceDate "2021.10.06"]
[SourceVersion "1"]
[SourceVersionDate "2021.10.06"]
[SourceQuality "1"]

1. e4 e5 2. Nf3 d6 3. Bc4 h6 4. d4 exd4 5. Nxd4 Be7 6. Nc3 Bd7 7. O-O Nf6 8. Re1 O-O 9. Bf4 Nc6 10. Qd2 Ne5 11. Bb3 a6 12. h3 Nh5 13. Be3 c5 14. Nf5 Bxf5 15. exf5 c4 16. Nd5 b5 17. Nxe7+ Qxe7 18. Bd4 f6 19. f4 Nxf4 20. Qxf4 cxb3 21. axb3 Qc7 22. Qd2 Rfc8 23. Rac1 Qd7 24. Qf4 Rc7 25. Qe4 Rac8 26. c3 Re8 27. Re3 d5 28. Qf4 Rcc8 29. Rg3 Re7 30. Qxh6 Qxf5 31. Rf1 Qh7 32. Qxf6 g6 33. Bxe5 Rf8 34. Qxf8# 1-0

[Event "Scarborough CC-ch Reserves U1700"]
[Site "Toronto CAN"]
[Date "2011.03.10"]
[Round "3"]
[White "Graham, John"]
[Black "Feng, Richard"]
[Result "1-0"]
[WhiteElo "1429"]
[BlackElo "1125"]
[PlyCount "96"]
[GameId "2160767909804208"]
[EventDate "2011.02.24"]
[EventType "swiss"]
[EventRounds "9"]
[EventCountry "CAN"]
[SourceTitle "EXT 2022"]
[Source "ChessBase"]
[SourceDate "2021.10.06"]
[SourceVersion "1"]
[SourceVersionDate "2021.10.06"]
[SourceQuality "1"]

1. c4 e5 2. e3 Nc6 3. b3 Nf6 4. Nc3 g6 5. Bb2 Bg7 6. g3 O-O 7. Bg2 d6 8. Nge2 Bf5 9. e4 Bg4 10. f3 Be6 11. Nd5 Bxd5 12. cxd5 Nb4 13. d4 Nd7 14. a3 c5 15. dxc5 dxc5 16. axb4 cxb4 17. O-O Qb6+ 18. Kh1 Qb5 19. Nc1 Rfc8 20. Nd3 Nb6 21. Bxe5 Bxe5 22. Nxe5 a5 23. Rf2 a4 24. Bf1 Qe8 25. Nc4 Nxc4 26. Bxc4 axb3 27. Rxa8 Rxa8 28. Bxb3 Qe5 29. Ra2 Rxa2 30. Bxa2 Qb2 31. Qb3 Qxb3 32. Bxb3 Kf8 33. Kg1 Ke7 34. Kf2 Kd6 35. Ke3 Kc5 36. e5 Kb5 37. Kd4 h5 38. e6 fxe6 39. dxe6 Kc6 40. f4 Kc7 41. Kc5 b6+ 42. Kxb4 Kd6 43. Kb5 Kc7 44. Bd5 Kd6 45. Kxb6 Kxd5 46. e7 Ke6 47. e8=Q+ Kd6 48. Qe5+ Kd7 1-0

[Event "Scarborough CC-ch Reserves U1700"]
[Site "Toronto CAN"]
[Date "2011.03.10"]
[Round "3"]
[White "Guo, Tan"]
[Black "Thanabalachandran, Kajan"]
[Result "0-1"]
[WhiteElo "1463"]
[BlackElo "1509"]
[PlyCount "68"]
[GameId "2160767909804209"]
[EventDate "2011.02.24"]
[EventType "swiss"]
[EventRounds "9"]
[EventCountry "CAN"]
[SourceTitle "EXT 2022"]
[Source "ChessBase"]
[SourceDate "2021.10.06"]
[SourceVersion "1"]
[SourceVersionDate "2021.10.06"]
[SourceQuality "1"]

1. e4 c5 2. Nf3 Nc6 3. d4 cxd4 4. Nxd4 Nf6 5. Nc3 d6 6. Bc4 Bd7 7. O-O a6 8. Be3 e6 9. Qd2 Be7 10. Rad1 O-O 11. Kh1 Ng4 12. Nxc6 bxc6 13. Bf4 d5 14. Be2 e5 15. Bxg4 Bxg4 16. f3 exf4 17. fxg4 dxe4 18. Qxf4 Qb6 19. Qxe4 Qxb2 20. Qxe7 Qxc3 21. Qe4 Rae8 22. Qd3 Re3 23. Qd4 c5 24. Qxc3 Rxc3 25. Rd2 h6 26. h3 Rb8 27. Rf3 Rc4 28. Rb3 Rbb4 29. Rd8+ Kh7 30. Rc8 a5 31. a3 Rxb3 32. cxb3 Rc3 33. b4 cxb4 34. axb4 Rxc8 0-1

[Event "Scarborough CC-ch Reserves U1700"]
[Site "Toronto CAN"]
[Date "2011.03.10"]
[Round "3"]
[White "Kaneshalingam, Mathanhe"]
[Black "Cui, Gordon"]
[Result "0-1"]
[WhiteElo "862"]
[BlackElo "1298"]
[PlyCount "48"]
[GameId "2160767909804211"]
[EventDate "2011.02.24"]
[EventType "swiss"]
[EventRounds "9"]
[EventCountry "CAN"]
[SourceTitle "EXT 2022"]
[Source "ChessBase"]
[SourceDate "2021.10.06"]
[SourceVersion "1"]
[SourceVersionDate "2021.10.06"]
[SourceQuality "1"]

1. d4 d5 2. c4 dxc4 3. e4 e5 4. d5 Nf6 5. Nc3 Bb4 6. Bd2 c6 7. Bxc4 Qd6 8. Nf3 Bg4 9. O-O Bxc3 10. Bxc3 Qc5 11. Bb3 Nbd7 12. Qd3 Nh5 13. Bd2 O-O 14. h3 Bxf3 15. Qxf3 Nhf6 16. Rfe1 Rfe8 17. Qg3 cxd5 18. exd5 Nxd5 19. Bxd5 Qxd5 20. Bh6 g6 21. Qf3 Qxf3 22. gxf3 f6 23. Bd2 Nc5 24. Re3 Rad8 0-1

[Event "Scarborough CC-ch Reserves U1700"]
[Site "Toronto CAN"]
[Date "2011.03.10"]
[Round "3"]
[White "Ming, Wenyang"]
[Black "Azizi, Hamid"]
[Result "0-1"]
[WhiteElo "1198"]
[BlackElo "1457"]
[PlyCount "86"]
[GameId "2160767909804213"]
[EventDate "2011.02.24"]
[EventType "swiss"]
[EventRounds "9"]
[EventCountry "CAN"]
[SourceTitle "EXT 2022"]
[Source "ChessBase"]
[SourceDate "2021.10.06"]
[SourceVersion "1"]
[SourceVersionDate "2021.10.06"]
[SourceQuality "1"]

1. e4 c5 2. Nf3 d6 3. d4 cxd4 4. Nxd4 Nf6 5. Nc3 a6 6. Bg5 Nbd7 7. Be2 b5 8. a3 Bb7 9. Bf3 e5 10. Nf5 Qc7 11. O-O g6 12. Ne3 Bg7 13. Qd2 O-O 14. Rad1 Ne8 15. Be7 Rc8 16. Bxf8 Bxf8 17. Bg4 Rd8 18. f4 exf4 19. Rxf4 Qb6 20. Kh1 Bh6 21. Rf3 Ne5 22. Rh3 Nxg4 23. Ncd5 Bxd5 24. exd5 Bxe3 25. Rxe3 Qxe3 26. Qxe3 Nxe3 27. Rd2 Nf6 28. Kg1 Rc8 29. c3 Nexd5 30. g4 g5 31. Kg2 Rc4 32. h3 Kg7 33. Kf3 Rf4+ 34. Kg2 Ne3+ 35. Kg1 d5 36. Rf2 Re4 37. Re2 h5 38. gxh5 Nxh5 39. b3 Nf4 40. Kf2 Nd1+ 41. Kf3 Rxe2 42. a4 f5 43. axb5 Re3# 0-1

[Event "Scarborough CC-ch Reserves U1700"]
[Site "Toronto CAN"]
[Date "2011.03.10"]
[Round "3"]
[White "Palakkal, Anirudh"]
[Black "Gandhi, Vishwa"]
[Result "0-1"]
[WhiteElo "882"]
[BlackElo "1058"]
[PlyCount "50"]
[GameId "2160767909804214"]
[EventDate "2011.02.24"]
[EventType "swiss"]
[EventRounds "9"]
[EventCountry "CAN"]
[SourceTitle "EXT 2022"]
[Source "ChessBase"]
[SourceDate "2021.10.06"]
[SourceVersion "1"]
[SourceVersionDate "2021.10.06"]
[SourceQuality "1"]

1. d4 Nc6 2. e3 a6 3. Nf3 d6 4. c3 Nf6 5. Be2 h6 6. Nbd2 d5 7. Ne5 Nxe5 8. dxe5 Nd7 9. Nf3 c6 10. O-O e6 11. Qd4 Bc5 12. Qh4 Be7 13. Qa4 b6 14. Qd1 g5 15. Qc2 Rg8 16. Qh7 Rf8 17. Qxh6 g4 18. Ne1 Nxe5 19. f4 Ng6 20. Bxg4 e5 21. f5 Rh8 22. e4 Rxh6 23. Bxh6 Nh8 24. f6 Bxf6 25. Bxc8 Rxc8 0-1